000 00577nam a22002177a 4500
003 UA-OsUOA
001 115765
007 ta
008 20160118b un ||||| |||| 00| 0 ukr d
100 _aПеньковська О.
090 _a82
_bП25
942 _cSA
040 _aUA-OsUOA
_bukr
_cUA-OsUOA
_dUA-OsUOA
245 _aФранкознавча парадигма Михайла Возняка
300 _aС.42-51
955 _a0
041 _aukr
080 _a82
773 0 _w115761
650 7 _a82 Література. Літературознавство
_2UDC
999 _c401581
_d401581